01543nam a2200361Ia 4500001001200000003000800012006001900020007001500039008004100054010001700095020001800112020003500130040002100165035002100186050002600207082002100233100002600254245016500280260004800445300003100493504006400524533015200588650006000740650005500800651003400855651003700889651002800926655002900954700003600983710001701019856012601036999001901162ebr10190722CaPaEBRm u cr cn|||||||||040304s2004 ctuab sb 001 0 eng d z 2004005084 z9780300137897 z0300103883 (pbk. : alk. paper) aCaPaEBRcCaPaEBR a(OCoLC)17966694914aF128.39b.W357 2004eb04a917.47/104442221 aWall, Diana diZerega.10aTouring Gotham's archaeological pasth[electronic resource] :b8 self-guided walking tours through New York City /cDiana diZerega Wall and Anne-Marie Cantwell. aNew Haven :bYale University Press,cc2004. axiv, 208 p. :bill., maps. aIncludes bibliographical references (p. 191-197) and index. aElectronic reproduction.bPalo Alto, Calif. :cebrary,d2009.nAvailable via World Wide Web.nAccess may be limited to ebrary affiliated libraries. 0aWalkingzNew York (State)zNew York RegionvGuidebooks. 0aHistoric siteszNew York (State)zNew York Region. 0aNew York RegionxAntiquities. 0aNew York RegionxHistory, Local. 0aNew York RegionvTours. 7aElectronic books.2local1 aCantwell, Anne-Marie E.,d1935-2 aebrary, Inc.40uhttp://site.ebrary.com/lib/rucke/Doc?id=10190722zAn electronic book accessible through the World Wide Web; click to view c147681d147681